Stavebno-technologický projekt na stavbu Polyfunkčný objekt Pajštúnska Bratislava
Saved in:
| Main Author: | |
|---|---|
| Other Authors: | |
| Format: | Manuscript Book |
| Language: | Slovak |
| Published: |
2016
|
| Subjects: | |
| Online Access: | http://is.stuba.sk/zp/portal_zp.pl?podrobnosti=117477 https://opac.crzp.sk/?fn=detailBiblioForm&sid=A86BEDB9942C84EDDB95348BE596 |
| Tags: |
No Tags, Be the first to tag this record!
|
MARC
| LEADER | 00000ntm a22000003a 4500 | ||
|---|---|---|---|
| 001 | stuzp58431 | ||
| 003 | SK-STU | ||
| 005 | 20231002132455.1 | ||
| 007 | ta | ||
| 008 | 150427s2015----xo-----f-mn---000-0-slo-d | ||
| 040 | |a STU |b slo | ||
| 041 | 0 | |a slo | |
| 100 | 1 | |a Moravčíková, Adriana |u 010270 |4 aut |U SvF Stavebná fakulta |T SvF Katedra technológie stavieb |X 42054 |U V270 |Y 28 |7 A000042054 | |
| 242 | 0 | 1 | |a Project of construction-technology for polyfunctional building Pajštúnska |y eng |
| 245 | 1 | 0 | |a Stavebno-technologický projekt na stavbu Polyfunkčný objekt Pajštúnska Bratislava |
| 260 | |c 2016 | ||
| 650 | 4 | |a Polyfunkčný objekt Pajštúnska |2 slo | |
| 650 | 4 | |a FUNDERMAX |2 slo | |
| 650 | 4 | |a Časový plán |2 slo | |
| 650 | 4 | |a FUNDERMAX |2 eng | |
| 650 | 4 | |a Time schedule |2 eng | |
| 650 | 4 | |a Polyfunctional building Pajštúnska |2 eng | |
| 700 | 1 | |a Gašparík, Jozef |u 010270 |k Z1 |4 ths |U SvF Stavebná fakulta |T SvF Katedra technológie stavieb |X 2737 |U V270 |Y 28 |7 A000002737 | |
| 856 | 4 | |u http://is.stuba.sk/zp/portal_zp.pl?podrobnosti=117477 | |
| 856 | 4 | |u https://opac.crzp.sk/?fn=detailBiblioForm&sid=A86BEDB9942C84EDDB95348BE596 | |
| SQL | |a stuzp58431 |b DDP |c SLO |d Stavebno-technologický projekt na stavbu Polyfunkčný objekt Pajštúnska Bratislava |e 42054 |f Moravčíková, Adriana |g 010270 |h 2737 |i Gašparík, Jozef |j 20160615 |k 681 |l 01 |m http://is.stuba.sk/zp/portal_zp.pl?podrobnosti=117477 |n I-TS |o 5.2.8. stavebníctvo | ||